000 00924nam0a22002651 4500
001 rc\2997764
005 20250806200540.0
035 _a(NLR Aleph) 007141367
090 _a70316
_c70316
100 _a20110918d1942 u y0rusy50 ca
101 0 _arus
102 _aRU
105 _ay z |||||
200 1 _aО боковой качке корабля
_fакад. А.Н. Крылов
_gНар. ком. Воен.-Мор. Флота - СССР. Науч.-техн. ком.
210 _aМосква
_aЛенинград
_cВоенмориздат
_d1942
215 _a172 с.
_d22 см
300 _aМикрофильм
700 1 _aКрылов
_bА.Н.
_f1863-1945
_gАлексей Николаевич
801 0 _aRU
_bNLR
_gpsbo
801 1 _aRU
_bELAR
_2rusmarc
852 _aNLR
_bМф
_jК1/447
942 _cBOOK
945 _aРоссийская национальная библиотека
980 _aNB
980 _aBV